A - Z Haikyuu encore lol - Statistiques

Statistiques générales
  • Ce quiz a été pris 31 fois
  • Le résultat moyen est 4 sur 26
Statistiques - réponses
Hint Réponse % Correct
E. Prénom du capitaine de Karasuno suite au départ des 3ème années Ennoshita
74%
G. Nom du duel entre Nekoma et Karasuno Guerre des poubelles
65%
V. Ce qu'à obtenu Karasuno contre Shiratorizawa lol Victoire
43%
A. Prénom du frère de Tsukishima Akiteru
35%
B. Personne à qui est comparé Reon Ohira par Hinata dans le match entre Shiratorizawa et karasuno Benkei
30%
D. Dernier adversaire de Karasuno avant les nationales Date Kogyo
30%
O. Prénom du Pointu d'Inarizaki Ojiro
30%
F. Nom du goatee giiiiga sous coté de Nekoma Fukunaga
26%
N. Ennemis de Nekoma Nohebi
22%
J'ai pas L donc encore I. Prénom de Pépé Ukai Ikkei
17%
W. Nom du libéro d'Aobajosai Watari
17%
C. Nom de la technique spéciale défensive de Tsukishima dans Haikyuu Fly High Contre de Kei
9%
H. Chose à cause de laquelle Akira Saito (entraineur) n'a pas pu être présent le dernier jour du camp d'entrainement des 2ndes Huitres
9%
I. Prénom du bloqueur central que déteste Hinata Issei
9%
J'avais pas Z donc encore S. Équipe spécialiste des attaques synchronisées au camp d'entrainement d'été Shinzen
9%
Y. Nom du libéro de Shiratorizawa Yamagata
9%
J. Dans Haikyuu Fly High en temps libre, nom de l'endroit où l'on peut se faire affronter deux petits corbeaux Jeux tranquilles
4%
R. Comment est appelé le Rolling Thunder dans Haikyuu Fly High Roulement de tonnerre
4%
X. ****** ****** ** ******** est né le 9 janvier 1961 à Versailles, fils de Bernard « Hubert » Marie ****** ** ******** (7 novembre 1931, Senlis - 20 janvier 2011, Levallois-Perret), ingénieur de l'École nationale supérieure de mécanique et d'aérotechnique (ENSMA Poitiers), et de Geneviève Maître (née en 1930 à Versailles). Le père de ******, Bernard-Hubert, « play-boy et baroudeur », quitte le foyer familial alors que ****** est âgé d'une dizaine d'années. L'enfant grandit avec ses deux sœurs dans un appartement rue du Maréchal-Foch, à Versailles, et étudie au lycée privé Saint-Exupéry. Sa mère Geneviève fonde en 1960 le groupe de prière « Philadelphie » ou « Le Jardin », un mouvement à caractère sectaire fondé sur l'Apocalypse, implanté entre Versailles et le nord de la Bretagne, qui est par la suite dirigé par Christine, la sœur de ******, et a fait l'objet, en novembre 2019, d'une enquête préliminaire par le parquet de Versailles, pour « abus de faiblesse en état de sujétion psychologique visant un mouvement d'inspiration catholique, traditionaliste, radical et apocalyptique »[ Xavier Dupont de Ligonnès
4%
K. Prénom de la star de lycée pour fille Niiyama (la collègue de Tanaka là) Kanoka
0%
M. Second mot le plus détesté par Kunimi Motivation
0%
P. Qui est Takashi Utsui Père d'Ushijima
0%
S. Spécialité d'Aoi Himekawa Service à la cuillère
0%
J'avais pas Q donc encore S (j'avais une autre idée). Bannière de Johzenji. Simplicité
0%
T. Première équipe qu'affronte Karasuno aux nationales Tsubakihara
0%
U. Équipe spécialiste des services au camp d'entrainement d'été Ubugawa
0%
Aucun quiz correspondant
Distribution des résultats
% des personnes avec chaque résultat
Percentile par nombre de réponses
Votre historique - résultats
Vous n’avez pas pris ce quiz